| 000 | 00423cam a22001337a 4500 | ||
|---|---|---|---|
| 008 | 180718b1952 xxu||||| |||| 00| 0 eng d | ||
| 082 | _aN71x5420 M264 | ||
| 100 | _aMadhya Pradesh. Prohibition Enquiry Committee | ||
| 245 | _aReport of the Madhya Pradesh Prohibition Enquiry Committee, 1951 | ||
| 260 |
_aNagpur _bThe author _c1952 |
||
| 300 | _a120+p | ||
| 500 | _aChairman: M.B. Niyogi | ||
| 700 | _aNiyogi, M.B. (Chairman) | ||
| 999 |
_c489494 _d489494 |
||